00690nam a2200229Ia 4500003000400000005001700004006001800021007000300039008004100042037001700083040001800100041001300118082002300131100002100154245005500175260005000230300004300280490006100323650002600384942003100410999001900441OSt20220925190851.0a|||||r|||| 00| 0ta220923b |||||||| |||| 00| 0 eng d cGeneral Book aRTLcRTLbeng 2engaeng aX9(J):(Z).2.N7, L5 aJoshi P C991212 0aLand reforms in Indiab trends and perspectives  aBomanybAllied Publishers India c1975 axiii, 181p. Bibliography P 122-81ccm. aInstitute of economic Growth: Studies in economic growth aLand Reforms Industry hX9(J):(Z).2.N7, L5cGB2CC c516314d516314